000 01791nam a22003497a 4500
003 dpl
005 20090312154247.0
007 DVD
008 050907s2005 cau105 g 00| 0 eng d
010 _aDVD-001727-1728
024 _a7.02.3.01.125.08
_c199.00
035 _aDVD-001727-1728
040 _aDPL
_cDPL
092 _aDVD / EXOR
245 _aThe Exorcist :
_h[videorecording] DVD /
_cBig Home Video Presents
_bthe bigning /
260 _bBig Home Video
300 _a2 videodisc VCD;
_bsd., col. ;
_c4-3/4 in.
_fVCD
500 _aGo back to where the horror began
500 _aThe very first encounter with the ultimate terror.
508 _aDirector of photography, Oliver Wood ; art directors, Shepherd Frankel, Don Macaulay ; editor, William Hoy ; music, Miri Ben-Ari, John Ottman ; costume designer, Jose Fernandez, Wendy Partridge ; production designer, Bill Boes ; visual effects supervisors
538 _aDolby digital 5.1, English Subtitles in English
538 _aAspect Ratio 2:40.1,Presentation Type: Wide Screen, Presentation Size: 16x9, Format: DVD 9 Dual Layer Single Sided Disc. Layer Transition may trigger a slight pause.
650 _aMotion Picture
700 _aScorrupco, Zabella
700 _aD'Arcy, James
700 _aRabin, Trevor
700 _aReichle, Luke
942 _cCF
_2ddc
_hDVD
_mEXOR
999 _c25088
_d25088